000
00344nam a22001577a 4500
003
SGT
020
_a
978-93-5129-606-5
082
_a
611
_b
G17A
100
_a
AGUR, ANNE M.R.
245
_a
GRANT ATLAS OF ANATOMY
250
_a
14TH
260
_a
INDIA
_b
WOLTERS KLUWER
_c
2017
300
_a
867
650
_a
ANATOMY
942
_2
ddc
_c
BK
_0
9
999
_c
15544
_d
15544